Перейти до змісту

Интерпретация литературного произведения в инокультурном контексте учебно-методическое пособие

Пособие содержит оригинальные тексты немецких писателей ХХ в., образцы их интерпретации и задания для самостоятельной работы. Предназначено для студентов и магистрантов филологического факультета....

Повний опис

Збережено в:
Бібліографічні деталі
Автор: Жеребин, А. И. (070)
Формат: Книга
Предмети:
Онлайн доступ:Перейти к просмотру издания
Теги: Додати тег
Немає тегів, Будьте першим, хто поставить тег для цього запису!
LEADER 01855nam0a2200325 4500
001 RU/IPR SMART/71521
856 4 |u https://www.iprbookshop.ru/71521.html  |z Перейти к просмотру издания 
801 1 |a RU  |b IPR SMART  |c 20250903  |g RCR 
010 |a 978-5-94777-322-4 
205 |a Интерпретация литературного произведения в инокультурном контексте  |b 2026-10-19 
333 |a Гарантированный срок размещения в ЭБС до 19.10.2026 (автопролонгация) 
100 |a 20250903d2013 k y0rusy01020304ca 
105 |a y j 000zy 
101 0 |a rus 
102 |a RU 
200 1 |a Интерпретация литературного произведения в инокультурном контексте  |e учебно-методическое пособие  |f А. И. Жеребин 
700 1 |a Жеребин,   |b А. И.  |4 070 
330 |a Пособие содержит оригинальные тексты немецких писателей ХХ в., образцы их интерпретации и задания для самостоятельной работы. Предназначено для студентов и магистрантов филологического факультета. 
210 |a Санкт-Петербург  |c Книжный дом  |d 2013 
610 1 |a литературное произведение 
610 1 |a интерпретация 
675 |a 378.82 
686 |a 83  |2 rubbk 
300 |a Книга находится в премиум-версии IPR SMART. 
106 |a s 
230 |a Электрон. дан. (1 файл) 
336 |a Текст 
337 |a электронный 
503 0 |a Доступна эл. версия. IPR SMART 
215 |a 67 с. 
Cannot write session to /tmp/vufind_sessions/sess_f6gm034h49f483o3bffbo2cnb2